Statistiken für FC Barcelona Kader 2023/24

Klicken Sie hier um das Quiz zu spielen!

Allgemein

  • Dieses Quiz wurde 203 mal gespielt
    (166 seit der letzten Aktualisierung)
  • Das Durchschnittsergebnis liegt bei 16 aus 22

Antwortstatistiken

HintAntwort% Korrekt
1Marc-André ter Stegen
100%
6Gavi
97%
8Pedri
97%
9Robert Lewandowski
95%
4Ronald Araújo
89%
7Ferran Torres
88%
21Frenkie de Jong
86%
3Alejandro Balde
82%
23Jules Koundé
82%
22İlkay Gündoğan
79%
27Lamine Yamal
76%
15Andreas Christensen
73%
11Raphinha
71%
14João Félix
68%
2João Cancelo
67%
20Sergi Roberto
61%
13Iñaki Peña
59%
18Oriol Romeu
55%
5Iñigo Martínez
45%
17Marcos Alonso
45%
32Fermín López
40%
26Ander Astralaga
13%

Verteilung der Resultate

Perzentil nach korrekt beantworteten Fragen

Anzahl Personen mit jedem Resultat

Ihre Resultats-Entwicklung

Sie haben dieses Quiz seit der letzten Aktualisierung nicht gespielt